00518nam a2200181 a 450000100060000000300090000600800410001504000280005608200140008410000300009811000440012824500350017226000500020730000220025750000310027965000130031065000130032312548CO-ViMGA141112s2004 ck r 000 u spa d aCO-ViMGAbspacCO-ViMGA04aR594 D41m1 aDiaz, Merlano Juan Manuel aColciencias : Fundacion Natura, invemar10aMoluscos del Caribe Colombiano aSantafé de Bogotá : bColciencias, c1994 a300p. : il. color aUn catálogo ilustrado. 14aCOLOMBIA14aMOLUSCOS